Statistics for Highest HDIs Of The World - Europe Map Quiz

Click here to take the quiz!

General Stats

  • This quiz has been taken 6 times
  • The average score is 16 of 16

Answer Stats

HDICountry% Correct
0.916Austria
100%
0.937
Belgium
100%
0.948
Denmark
100%
0.940
Finland
100%
0.942
Germany
100%
0.959
Iceland
100%
0.945
Ireland
100%
0.935
Liechtenstein
100%
0.930
Luxembourg
100%
0.941
Netherlands
100%
0.961
Norway
100%
0.947
Sweden
100%
0.962
Switzerland
100%
0.929
United Kingdom
100%
0.918
Malta
83%
0.918
Slovenia
67%

Score Distribution

Percentile by Number Answered

Percent of People with Each Score

Your Score History

You have not taken this quiz